| 000 | 01325ncm a2200301 c 4500 | ||
|---|---|---|---|
| 003 | BLK | ||
| 005 | 20180422123640.0 | ||
| 008 | 180414b bul |a|er|||| |0| c|bulo| | ||
| 010 | _aNOT00000787000 | ||
| 040 | _aBLK | ||
| 041 |
_aBUL _cBUL |
||
| 080 |
_aСопран _b78.087.612.1 _x _z78.087.612.1 |
||
| 100 | 1 |
_aЖеков, Петър _eпърви автор _9385144 |
|
| 700 | 1 |
_aВакарелова, Красимира _eтекст на том _9388734 |
|
| 139 |
_aЖеков, Петър _bЖ 32 |
||
| 245 | 1 | 0 |
_aПесни _bТетр. 1 - : За глас със съпровод на пиано _cПетър Жеков; текст на том Красимира Вакарелова. _nТетр. 1. _pЗа висок и среден глас със съпр. на пиано |
| 257 | _aBGR | ||
| 260 |
_аСтара Загора _bНаука и изкуство _cБ. г. |
||
| 300 | _c33 см | ||
| 380 | _a7 | ||
| 500 | _aЗабележка към том: Съдържа 11 песни | ||
| 760 | 1 |
_aЖеков, Петър _c36 с. _h36 с. _nСъдържа 11 песни _tТетр. 1. За висок и среден глас със съпр. на пиано |
|
| 852 |
_aЦб М ІІ 11371 _p0 |
||
| 856 | 4 |
_qpdf _u |
|
| 856 | 4 |
_qpdf _u |
|
| 942 |
_cNOT _n0 |
||
| 944 |
_aCR _c11.05.2005 _k |
||
| 944 |
_aED _c03.06.2015 _kИрена_Линкова |
||
| 999 |
_c298071 _d298071 |
||